00540nam a22001817a 450000500170000001000150001702000260003203500140005803700130007208200150008510000230010024500800012325000060020326000350020927000780024430000300032250000060035220240220173115.0 aENG-139391 a9789391028213c499.00 aEN-122923 bDBAD/PUB a794.15921 aAnand, Viswanathan aMind Master:bWinning Lessons From a Champion's Life/cBy Viswanathan Anand a1 aGurugrambHachette Indiac2022 bGurugrama4th & 5th Floor, Corporate Centre, Plot no-94,Sector-44e122003 a290p.bill.colc22cm(pbk) a